Fürsorge oder Präventivhaft?: zum Zusammenwirken von strafrechtlichen Massnahmen und Erwachsenenschutz = Assistance ou prévention? : a l'intersection des mesures pénales et de la protection de l'adulte
| Beteiligte: | |
|---|---|
| Medienart: | Druck Buch |
| Sprache: | Deutsch Französisch |
| Veröffentlicht: |
Bern
Stämpfli Verlag
[2018]
|
| In: |
Materialien der "Fachgruppe Reform im Strafwesen" der Caritas Schweiz (11)
Jahr: 2018 |
| Online-Zugang: |
Inhaltsverzeichnis |
| Bestand in Tübingen: | In Tübingen vorhanden. IFK: P IV 591 |
| Verfügbarkeit prüfen: | HBZ Gateway |
| Subito Bestelldienst: | Jetzt bestellen. |
| Bände / Aufsätze: | Bände / Aufsätze anzeigen. |
| Schlagwörter: |
MARC
| LEADER | 00000cam a2200000 c 4500 | ||
|---|---|---|---|
| 001 | 1645565041 | ||
| 003 | DE-627 | ||
| 005 | 20251225204929.0 | ||
| 007 | tu | ||
| 008 | 190130s2018 xx ||||| 00| ||ger c | ||
| 015 | |a 19,A05 |2 dnb | ||
| 016 | 7 | |a 1173919570 |2 DE-101 | |
| 020 | |a 9783727225888 |c Broschur : EUR 53.00 DE |9 978-3-7272-2588-8 | ||
| 020 | |a 3727225882 |9 3-7272-2588-2 | ||
| 024 | 3 | |a 9783727225888 | |
| 035 | |a (DE-627)1645565041 | ||
| 035 | |a (DE-576)516731882 | ||
| 035 | |a (DE-599)DNB1173919570 | ||
| 040 | |a DE-627 |b ger |c DE-627 |e rda | ||
| 041 | |a ger |a fre | ||
| 082 | 0 | |a 340 | |
| 082 | 0 | |a 346.494018 |q DE-101 | |
| 082 | 0 | |a 344.494044 |q DE-101 | |
| 082 | 0 | 4 | |a 340 |q DE-101 |
| 245 | 0 | 0 | |a Fürsorge oder Präventivhaft? |b zum Zusammenwirken von strafrechtlichen Massnahmen und Erwachsenenschutz = Assistance ou prévention? : a l'intersection des mesures pénales et de la protection de l'adulte |c herausgegeben von / edité par Martino Mona / Jonas Weber |
| 246 | 3 | 1 | |a Assistance ou prévention? |b a l'intersection des mesures pénales et de la protection de l'adulte |
| 264 | 1 | |a Bern |b Stämpfli Verlag |c [2018] | |
| 300 | |a 145 Seiten |b Illustrationen | ||
| 336 | |a Text |b txt |2 rdacontent | ||
| 337 | |a ohne Hilfsmittel zu benutzen |b n |2 rdamedia | ||
| 338 | |a Band |b nc |2 rdacarrier | ||
| 490 | 1 | |a Caritas, Fachgruppe Reform im Strafwesen |v 11 | |
| 655 | 7 | |a Konferenzschrift |y 2017 |z Zürich |0 (DE-588)1071861417 |0 (DE-627)826484824 |0 (DE-576)433375485 |2 gnd-content | |
| 689 | 0 | 0 | |d g |0 (DE-588)4053881-3 |0 (DE-627)104584904 |0 (DE-576)20910614X |a Schweiz |2 gnd |
| 689 | 0 | 1 | |d s |0 (DE-588)7716292-4 |0 (DE-627)635230097 |0 (DE-576)330009745 |a Erwachsenenschutzrecht |2 gnd |
| 689 | 0 | 2 | |d s |0 (DE-588)4061889-4 |0 (DE-627)106134051 |0 (DE-576)209141786 |a Unterbringungsrecht |2 gnd |
| 689 | 0 | |5 DE-101 | |
| 700 | 1 | |a Mona, Martino |d 1972- |e HerausgeberIn |0 (DE-588)1066583897 |0 (DE-627)817686142 |0 (DE-576)42602771X |4 edt | |
| 810 | 2 | |a Caritas Schweiz |b Fachgruppe Reform im Strafwesen |t Materialien der "Fachgruppe Reform im Strafwesen" der Caritas Schweiz |v 11 |9 11 |w (DE-627)636677923 |w (DE-576)333620305 |w (DE-600)2576286-2 |7 am | |
| 856 | 4 | 2 | |u http://d-nb.info/1173919570/04 |m B:DE-101 |q application/pdf |v 2019-01-30 |x Verlag |3 Inhaltsverzeichnis |7 1 |
| 951 | |a BO | ||
| ELC | |b 1 | ||
| LOK | |0 000 xxxxxcx a22 zn 4500 | ||
| LOK | |0 001 351092875X | ||
| LOK | |0 003 DE-627 | ||
| LOK | |0 004 1645565041 | ||
| LOK | |0 005 20201111141209 | ||
| LOK | |0 008 190902||||||||||||||||ger||||||| | ||
| LOK | |0 040 |a DE-21-110 |c DE-627 |d DE-21-110 | ||
| LOK | |0 689 |a s |a Erwachsenenschutz | ||
| LOK | |0 689 |a s |a Strafrecht | ||
| LOK | |0 689 |a s |a Rückfallprävention | ||
| LOK | |0 689 |a s |a Fürsorgerische Unterbringung | ||
| LOK | |0 852 |a DE-21-110 | ||
| LOK | |0 852 1 |c P IV 591 |m p |9 00 | ||
| LOK | |0 938 |a 2011 | ||
| LOK | |0 938 |k p | ||
| LOK | |0 939 |a 02-09-19 |b l01 | ||
| ORI | |a SA-MARC-krimdoka001.raw | ||
| SIG | |a IFK: P IV 591 | ||
| SPR | |a 1 |t KRI | ||
| TIM | |a 100020170101_100020171231 |b 2017 - 2017 | ||
